000 00605nam a22001937a 4500
005 20251108165001.0
008 250721s1986 xx 000 0 ara d
082 1 4 _a891.733/بيل
100 1 _aبيلي، جون
245 1 0 _aتولستوى و الرواية /
264 1 _aالقاهرة :
_bالهيئة المصرية العامة للكتاب،
_c1986.
300 _a343ص
650 1 7 _aالقصص الروسية
650 1 7 _aالنقد الأدبي
700 1 _aالأسيوطي، سليم
_eترجمة
700 1 _aزكي، أحمد
_eمراجعة
942 _2ddc
_cBK
999 _c19097
_d19097